Building resilience in sustainable development in a changing world, Ibadan sustainable development summit (ISDS) (Record no. 27865)

MARC details
000 -LEADER
fixed length control field 00453nam a2200145Ia 4500
020 ## - INTERNATIONAL STANDARD BOOK NUMBER
ISBN 9789785167566
245 #0 - TITLE STATEMENT
Title Building resilience in sustainable development in a changing world, Ibadan sustainable development summit (ISDS)
260 ## - PUBLICATION, DISTRIBUTION, ETC. (IMPRINT)
Place of publication Ibadan
260 ## - PUBLICATION, DISTRIBUTION, ETC. (IMPRINT)
Name of publisher University of Ibadan Centre for Sustainable Development
260 ## - PUBLICATION, DISTRIBUTION, ETC. (IMPRINT)
Year of publication 2012
300 ## - PHYSICAL DESCRIPTION
Number of Pages 210 p
942 ## - ADDED ENTRY ELEMENTS (KOHA)
Koha item type Books
Holdings
Withdrawn status Lost status Source of classification or shelving scheme Damaged status Not for loan Permanent Location Current Location Date acquired Accession Number Price effective from Koha item type
    Library of Congress Classification     NILE UNIVERSITY OF NIGERIA - MAIN LIBRARY NILE UNIVERSITY OF NIGERIA - MAIN LIBRARY 04/23/2025 0001409 04/23/2025 Books